[Event "Bad Woerishofen op"]
[Site "Bad Woerishofen"]
[Date "2001.??.??"]
[Round "9"]
[White "Moehring, Norbert"]
[Black "Campe, Herbert"]
[Result "1-0"]
[WhiteElo "1905"]
[BlackElo "1716"]
[Annotator "ChessOrg"]
[PlyCount "111"]
[EventDate "1998.03.05"]
[Source "ChessBase"]
[SourceDate "1998.04.29"]

1. b4 {A00: Unregelmaessige Eroeffnungen} 1... Nf6 2. Bb2 g6 3. c4 Bg7 4. g3 d6
5. Bg2 O-O 6. Nf3 6... Na6 {letzter Buchzug} 7. b5 Nc5 8. d4 Ncd7 9. O-O c5 10.
bxc6 bxc6 11. Nc3 Rb8 12. Rb1 c5 13. Qc2 cxd4 14. Nxd4 Bb7 (14... Ne5 15. Nd5
$11) 15. Bxb7 $14 15... Rxb7 16. Nc6 Qe8 17. Nb5 (17. Nd5 $5 $142 17... Nxd5
18. Bxg7 Rxb1 19. Rxb1 Kxg7 20. cxd5 $14) 17... a6 $15 18. Na5 Rb8 19. Nd4 Nc5
20. Ndc6 20... Rb6 $2 (20... Rc8 $142 21. Bxf6 21... Bxf6 $11) 21. Nxe7+ $1
21... Kh8 (21... Qxe7 22. Bxf6 $18) 22. Nd5 (22. Bxf6 $5 $142 22... Rxb1 23.
Nxg6+ (23. Qxb1 $6 23... Bxf6 24. Nd5 24... Bg7 $16) 23... fxg6 24. Bxg7+ Kxg7
25. Rxb1 $18 (25. Qxb1 $6 25... Qxe2 26. f4 26... Ne4 $16)) 22... Nxd5 23.
Bxg7+ Kxg7 24. cxd5 Rxb1 25. Rxb1 (25. Qxb1 $6 25... Qxe2 26. Nb3 26... Nd7 $11
) 25... Qd7 (25... Qe5 26. Qb2 26... Ne4 $18) 26. Nc4 Rd8 27. Rb6 Qe7 28. Nxd6
$1 28... Nd7 (28... Qxd6 29. Rxd6) 29. Rxa6 Nf6 30. Qc6 Rd7 (30... Qxe2 31.
Nf5+ Kf8 32. Qc5+ Kg8 33. Rxf6 gxf5 34. Qc1 Qxa2 35. Qg5+ Kf8 36. Rxf5 Qa1+ 37.
Kg2 $18) 31. Nc8 (31. e4 Rc7 32. Qb6 32... Rd7 $18) 31... Qd8 $2 (31... Qe5 $18
$142) 32. d6 Qe8 (32... h6 33. a4 $18) 33. Ne7 (33. Nb6 $5 $142 33... Qxe2 34.
Nxd7 Nxd7 35. Qxd7 Qd1+ 36. Kg2 Qd5+ 37. f3 Qd2+ 38. Kh3 Qh6+ 39. Kg4 39...
Qxh2 $18) 33... Qb8 34. Rb6 Qa7 35. a4 Qa5 36. Rb1 (36. Qb5 $5 $142 36... Qe1+
37. Kg2 37... Qd1 $18) 36... Qd2 37. Nc8 Qxe2 38. Qb5 $4 (38. Qc3 38... h6 $18)
38... Qe6 $2 (38... Qc2 $5 39. Nb6 39... Rxd6 $14) 39. a5 (39. Rc1 Rd8 40. Qc4
40... Qf5 $18) 39... Ne8 $2 (39... Rd8 $142 40. Nb6 40... Qxd6 $16) 40. Qb2+
$18 40... f6 41. a6 (41. Qd2 h6 42. Re1 $18) 41... Nxd6 (41... Rd8 42. Nb6 Rxd6
43. a7 $18) 42. Qb6 (42. a7 $142 42... Rxa7 43. Nxa7 43... Nf7 $18) 42... Qd5
43. Nxd6 Rxd6 44. Qb7+ Kh6 45. Qxd5 (45. a7 Qxb7 46. Rxb7 46... Ra6 $18) 45...
Rxd5 46. Ra1 Rd8 47. a7 Ra8 48. Ra6 Kg7 49. Kg2 Kf7 50. Kf3 Ke7 51. g4 Kf7 52.
h4 Ke7 53. Ke4 h6 (53... Kd8 $18) 54. Kd5 f5 55. Rxg6 fxg4 56. Rxh6 (56. Rxh6
Kf7 57. Ra6 $18) 1-0

[Event "Bad Woerishofen op"]
[Site "Bad Woerishofen"]
[Date "2001.??.??"]
[Round "2"]
[White "Mossekel, Manfred"]
[Black "Stierle, Martin"]
[Result "1/2-1/2"]
[WhiteElo "1661"]
[BlackElo "1945"]
[Annotator "ChessOrg"]
[PlyCount "43"]
[EventDate "1998.03.05"]
[Source "ChessBase"]
[SourceDate "1998.04.29"]

1. d4 {A45: Damenbauernspiele (Trompowski-Angriff)} 1... Nf6 2. e3 c5 3. Bd3 {
letzter Buchzug} 3... g6 4. c3 b6 5. f4 Bg7 6. Nf3 O-O 7. O-O d6 (7... d5 8.
Nbd2 $11) 8. Nbd2 Qc7 9. e4 Nc6 10. d5 Nb8 11. Qe1 e6 12. dxe6 fxe6 13. Qh4 Nc6
14. Ng5 Bh8 15. Ndf3 Qg7 16. f5 16... Re8 $2 (16... gxf5 17. Ne5) 17. fxe6 Re7
(17... Qe7 $5 $16 $142) 18. Nf7 Bxe6 (18... Rxe6 19. N3g5 Ne5 20. Nh6+ (20.
Nxh8 $6 20... Re7 21. Ngf7 Rxf7 22. Nxf7 22... Kxf7 $18) 20... Kf8 21. Nxe6+
Bxe6 22. Bg5 $18) 19. Nh6+ Kf8 20. Nf5 $1 20... Qg8 (20... gxf5 21. Bh6 $18)
21. Nxe7 Kxe7 22. Bg5 1/2-1/2

[Event "Bad Woerishofen op"]
[Site "Bad Woerishofen"]
[Date "2001.??.??"]
[Round "4"]
[White "Mossekel, Manfred"]
[Black "Belic, Robert"]
[Result "0-1"]
[WhiteElo "1661"]
[BlackElo "1932"]
[Annotator "ChessOrg"]
[PlyCount "80"]
[EventDate "1998.03.05"]
[Source "ChessBase"]
[SourceDate "1998.04.29"]

1. d4 {A45: Damenbauernspiele (Trompowski-Angriff)} 1... Nf6 2. f4 2... c5 {
letzter Buchzug} 3. e3 cxd4 4. exd4 g6 5. Nf3 Bg7 6. c3 d6 7. Bd3 Qc7 8. O-O
O-O (8... Bf5 9. Qa4+ Nc6 10. Bxf5 gxf5 11. Na3 $11) 9. Qe1 b6 10. Qh4 Ba6 11.
Bxa6 Nxa6 12. Nbd2 (12. f5 e6 13. Bg5 13... Qe7 $14) 12... Qd7 13. Ng5 Qg4 14.
Qxg4 Nxg4 15. Ndf3 h6 16. Ne4 f5 17. Nf2 Nf6 18. Re1 Kf7 19. Bd2 Rac8 20. Re2
e6 21. Rae1 Rfe8 22. b3 b5 23. Rc1 Nb8 24. c4 bxc4 25. bxc4 Rc6 26. Bb4 Nbd7
27. Rec2 Rec8 28. g3 Nb6 (28... Ne4 29. Ba3 $15) 29. c5 (29. Bxd6 $5 29... Rxd6
30. c5 $16) 29... Nbd5 $15 30. Ba3 Ne4 31. Nd3 Ke8 (31... g5 32. Bb2 $17) 32.
Nb4 (32. Rb2 $5 $11) 32... Nxb4 $17 33. Bxb4 g5 34. fxg5 hxg5 35. Rd1 g4 36.
Nh4 dxc5 37. Bxc5 37... Bxd4+ $1 38. Rxd4 Rxc5 39. Re2 (39. Rxc5 Rxc5 40. Rd1
40... Rc2 $19) 39... Rc2 (39... Rc1+ $142 40. Kg2 R8c2 41. Rxc2 Rxc2+ 42. Kg1
42... Rxa2 $19) 40. Kg2 $4 (40. Rxc2 $142 40... Rxc2 41. Ra4 $17) 40... Rxe2+ (
40... Rxe2+ 41. Kf1 Rf2+ 42. Ke1 Rc1+ 43. Rd1 Rcc2 44. Rd3 Rxh2 45. Kd1 Rhe2
46. Rd8+ Kxd8 47. Nxf5 Nc3#) 0-1

[Event "Bad Woerishofen op"]
[Site "?"]
[Date "2001.??.??"]
[Round "1"]
[White "Muehlbach, Peter"]
[Black "Berti, Rudolf"]
[Result "1-0"]
[WhiteElo "2131"]
[BlackElo "1621"]
[Annotator "ChessOrg"]
[PlyCount "87"]
[EventDate "2000.??.??"]

1. c4 {D35: Damengambit (Abtauschvariante)} 1... Nf6 2. Nc3 e6 3. Nf3 d5 4. d4
c6 5. cxd5 exd5 6. Bg5 Bb4 7. Qc2 7... Bg4 {letzter Buchzug} 8. Ne5 Bh5 9. Qb3
Qb6 10. Bxf6 gxf6 11. Nd3 Bd6 12. Qxb6 axb6 13. e3 Rg8 14. Be2 Bxe2 15. Nxe2
Rxg2 (15... Kd7 $11 $142) 16. Ng3 $16 16... c5 (16... Nd7 17. Kf1 Rxg3 18. hxg3
$18 (18. fxg3 $6 18... Ke7 $14)) 17. dxc5 bxc5 18. Kf1 Rxg3 19. hxg3 (19. fxg3
$6 19... Ra5 $14) 19... Nc6 20. Rxh7 Ke7 21. Nf4 Nb4 22. a3 22... Be5 $2 (22...
Bxf4 23. gxf4 23... Nd3 $18) 23. Rb1 (23. Rd1 $5 23... Bxf4 24. axb4 Bd6 25.
bxc5 25... Bxc5 $18) 23... Bxf4 24. gxf4 (24. axb4 $5 24... Bd6 25. bxc5 25...
Bxc5 $18) 24... Nd3 25. Ke2 c4 26. Rhh1 b5 27. Rhd1 Kd6 28. Rxd3 cxd3+ 29. Kxd3
Rg8 30. Rc1 Rg2 31. Rc2 Rg1 32. Kc3 Kc5 33. Kb3+ Kb6 34. Kb4 Rb1 35. b3 d4 36.
Rd2 dxe3 37. fxe3 Kc6 38. Rc2+ Kb6 39. Rc8 Re1 40. Re8 Re2 41. Re7 f5 42. Rxf7
Rxe3 43. Rf6+ Kc7 44. Rxf5 (44. Rxf5 Kd6 45. Rc5 $18) 1-0

[Event "Bad Woerishofen op"]
[Site "Bad Woerishofen"]
[Date "2001.??.??"]
[Round "3"]
[White "Muehlbach, Peter"]
[Black "Heika, Martin"]
[Result "0-1"]
[WhiteElo "2131"]
[BlackElo "2325"]
[Annotator "ChessOrg"]
[PlyCount "84"]
[EventDate "1998.03.05"]
[Source "ChessBase"]
[SourceDate "1998.04.29"]

1. e4 {C15: Franzoesische Verteidigung (Nimzowitsch-Variante)} 1... e6 2. d4 d5
3. Nc3 Bb4 4. Nge2 dxe4 5. a3 Be7 6. Nxe4 Nf6 7. N4g3 {letzter Buchzug} 7...
Nc6 8. Be3 Nd5 9. c4 Nxe3 10. fxe3 f5 11. Nc3 Bg5 12. d5 Ne5 13. dxe6 Bxe6 14.
Qxd8+ (14. Qb3 14... O-O $15) 14... Rxd8 $17 15. Nb5 Rd7 16. Nd4 Bxc4 17. Ngxf5
(17. Ndxf5 $5 17... O-O 18. Bxc4+ Nxc4 19. Rd1 Rxd1+ 20. Kxd1 $19) 17... g6 $19
18. h4 Bf6 (18... gxf5 $6 19. hxg5 Rg8 20. Rh5 $15) 19. Ng3 c5 (19... Bxf1 $5
20. Ne4 Nd3+ 21. Kd2 Bxd4 22. exd4 Rxd4 23. Nf6+ Ke7 24. Raxf1 24... Rhd8 $19)
20. Ne4 $17 20... Be7 21. Nf3 Nd3+ 22. Bxd3 Rxd3 23. Kf2 O-O (23... Rf8 24.
Rac1 Bd5 25. Nxc5 Rd2+ 26. Ke1 Rxg2 27. e4 Rxf3 28. exd5 Rxb2 29. h5 Re3+ 30.
Kf1 Rxa3 31. Re1 Rf3+ 32. Kg1 $19) 24. Rac1 Bd5 25. Nc3 Bxf3 26. gxf3 Rd2+ 27.
Kg3 Rxb2 28. Ne4 (28. h5 $5 $17) 28... Rb3 $19 29. Rc3 c4 (29... Rxc3 30. Nxc3
Rd8 31. Ne4 $19) 30. Rhc1 $2 (30. Rxb3 $142 30... cxb3 31. Rb1 $15) 30... Rxc3
(30... Bxa3 31. Rxb3 cxb3 32. Rc3 $19) 31. Rxc3 b5 32. a4 a6 33. axb5 axb5 34.
Rc1 Rc8 35. Nc3 b4 36. Nd5 Bd6+ 37. f4 b3 38. Nc3 Bb4 39. Nd5 Ba3 (39... Rb8
$142 40. Nf6+ 40... Kg7 $19) 40. Rb1 (40. Ra1 b2 41. Rxa3 b1=Q 42. Ne7+ Kf8 43.
Nxc8 43... c3 $19) 40... Rd8 (40... c3 $142 41. Rxb3 c2 42. Rxa3 $19) 41. Nb6 (
41. Nf6+ Kf7 42. Ne4 $19) 41... c3 42. Rxb3 c2 (42... c2 43. Rc3 c1=Q 44. Rxc1
44... Bxc1 $19) 0-1

[Event "Bad Woerishofen op"]
[Site "Bad Woerishofen"]
[Date "2001.??.??"]
[Round "7"]
[White "Muehlbach, Peter"]
[Black "Bischoff, Dieter"]
[Result "1/2-1/2"]
[WhiteElo "2131"]
[BlackElo "2222"]
[Annotator "ChessOrg"]
[PlyCount "40"]
[EventDate "1998.03.05"]
[Source "ChessBase"]
[SourceDate "1998.04.29"]

1. c4 {A34: Englische Eroeffnung (Symmetrische Variante)} 1... Nf6 2. Nc3 c5 3.
g3 d5 4. cxd5 Nxd5 5. Bg2 Nc7 6. Nf3 Nc6 7. b3 e5 8. Bb2 Be7 9. Rc1 f6 10. O-O
O-O 11. Ne1 {letzter Buchzug} 11... Bd7 12. Nd3 b6 13. f4 Rc8 14. fxe5 fxe5 15.
Ne4 Bf6 16. Nd6 (16. Nxf6+ gxf6 17. e3 17... Ne7 $14) 16... Rb8 $14 17. Nf2 Qe7
18. Nfe4 Ne8 19. Nc4 Rc8 20. Ne3 (20. Nxf6+ Nxf6 21. Bxc6 Bxc6 22. Nxe5 22...
Bd5 $16) 20... Be6 1/2-1/2

[Event "Bad Woerishofen op"]
[Site "Bad Woerishofen"]
[Date "2001.??.??"]
[Round "9"]
[White "Muehlbach, Peter"]
[Black "Vonach, Bernd"]
[Result "1-0"]
[WhiteElo "2131"]
[BlackElo "1850"]
[Annotator "ChessOrg"]
[PlyCount "143"]
[EventDate "1998.03.05"]
[Source "ChessBase"]
[SourceDate "1998.04.29"]

1. c4 {A16: Englische Eroeffnung} 1... Nf6 2. Nc3 d5 3. cxd5 Nxd5 4. g3 c6 5.
Bg2 g6 6. Nf3 Bg7 7. d4 O-O 8. O-O 8... Nd7 {letzter Buchzug} 9. Bg5 h6 10. Bd2
N7b6 11. Qc1 Kh7 12. b3 Bg4 13. Nxd5 cxd5 (13... Qxd5 $2 14. Ng5+ hxg5 15. Bxd5
cxd5 16. Bc3 $18) 14. Qb2 Rc8 15. Rfc1 Bxf3 16. Bxf3 Qd7 17. e3 Rxc1+ 18. Rxc1
Rc8 19. Bb4 Bf6 20. Qa3 e6 21. Bc5 Bd8 22. Re1 a6 23. h4 h5 24. Qb2 Qb5 25. Qb1
Nd7 26. Be2 Qc6 27. Rc1 Nf6 (27... Nxc5 $143 28. Rxc5 (28. dxc5 $6 28... Kg7
$11) 28... Qd7 29. Rxc8 Qxc8 30. Bxh5 $16) 28. b4 b6 (28... Qa4 29. Qc2 Qa3 30.
b5 $15) 29. b5 (29. Bxa6 $5 29... Rc7 30. b5 $16) 29... axb5 30. Bxb5 Qa8 31.
Ba3 Rxc1+ 32. Qxc1 Kg7 33. Kg2 Qa5 34. Bd3 Qa8 35. Qc3 Qa4 36. Qb2 Nd7 37. Bb5
Qa7 38. Bd6 Nf6 39. a4 Be7 40. Be5 Kf8 (40... Qa8 41. Qc3 $14) 41. Qc3 $16
41... Qb7 (41... Qa8 $5 $16) 42. Qc7 $18 42... Qxc7 43. Bxc7 Ne4 44. Bxb6 Nd6
45. Kf1 (45. Bd3 $5 45... Nc4 46. a5 Nxb6 47. axb6 47... Ke8 $18) 45... Nxb5
$16 46. axb5 Ke8 47. Ba5 f6 48. f4 Kd7 49. Ke2 g5 50. hxg5 fxg5 51. fxg5 Bxg5
52. Bb4 h4 53. gxh4 Bxh4 54. Kf3 Kc7 55. Bc5 Kd7 56. Kf4 Bf6 57. Kg4 Bd8 58.
Kh5 Ba5 59. Kg5 Bd8+ 60. Kg4 Bf6 61. b6 (61. Ba7 61... Kd6 $18) 61... Kc6 $16
62. Kh5 e5 (62... Kd7 $5 $16 $142) 63. Kg6 $18 63... Bh8 64. Kf7 exd4 65. exd4
Kd7 66. Kg6 Kc6 67. Kf5 Bg7 68. Ke6 (68. Kg5 $16 $142) 68... Bh8 $2 (68... Bh6
$16 $142) 69. Ke7 $18 69... Bg7 70. Kd8 Bh6 (70... Kb7 71. Kd7 71... Bh6 $18)
71. Kc8 Bf4 72. b7 (72. b7 Kb5 73. Be7 $18) 1-0

[Event "Bad Woerishofen op"]
[Site "?"]
[Date "2001.??.??"]
[Round "1"]
[White "Mueller, Gunter"]
[Black "Puth, Dieter"]
[Result "0-1"]
[WhiteElo "1781"]
[BlackElo "2185"]
[Annotator "ChessOrg"]
[PlyCount "94"]
[EventDate "2000.??.??"]

1. d4 {D00: Damenbauernspiele} 1... Nf6 2. f3 d5 3. e4 dxe4 4. Nc3 Bf5 5. g4
Bg6 6. g5 Nd5 7. Nxe4 e6 8. c3 {letzter Buchzug} 8... Be7 9. h4 h6 10. Nh3 Nd7
11. Bg2 c6 12. f4 (12. Qb3 12... Qb6 $11) 12... Qc7 13. Qe2 O-O-O 14. Bd2 hxg5
15. hxg5 c5 16. c4 N5b6 17. f5 Bxf5 (17... exf5 18. Bf4) 18. Bf4 e5 19. dxe5
Nxe5 20. Ng3 (20. Nxc5 $5 20... Qxc5 21. Bxe5 $19) 20... Nd3+ $19 21. Qxd3 Bxd3
(21... Rxd3 $6 22. Bxc7 Bg6 23. Bf4 Nxc4 24. Kf2 $14) 22. Bxc7 Kxc7 23. b3 Bd6
24. Kf2 Be5 25. Rae1 Bd4+ 26. Kf3 Nd7 27. Re7 (27. Nf4 $142 27... Rxh1 28. Bxh1
Ne5+ 29. Kg2 $17) 27... Kd6 $19 28. Rhe1 Ne5+ 29. R1xe5 Bxe5 30. Rxb7 Rd7 31.
Rb5 (31. Rxd7+ Kxd7 32. Nf4 32... Bc2 $19) 31... Bxg3 32. Kxg3 Re7 33. Nf4 Be4
(33... Bc2 34. b4 Rc8 35. Nd5 $19) 34. Bxe4 $17 34... Rxe4 35. Nd5 (35. Ra5
35... Re7 $17) 35... Rh5 $19 36. Kf3 Re5 37. g6 (37. Rb7 $19 $142) 37... Rhf5+
38. Kg4 fxg6 39. Rb7 Re1 40. Kh3 $4 (40. Kg3 $19) 40... Rg5 41. Kh2 (41. Kh4
Reg1 42. Nf4 R1g3 43. Nxg6 R5g4+ 44. Kh5 Rxg6 45. Rxg7 Rxg7 46. Kh6 Ke6 47. a3
Kf6 48. b4 Rh3#) 41... Re8 (41... Re2+ 42. Kh3 Re8 43. Kh4 Rg1 44. Rd7+ Kxd7
45. Nf6+ gxf6 46. Kh3 Rh8#) 42. Nf4 Rh8+ 43. Nh3 Rgh5 44. Rxg7 Rxh3+ 45. Kg2
Rh2+ 46. Kg3 Rxa2 47. Rxg6+ Kc7 (47... Kc7 48. Rg5 Kb6 49. Rg6+ 49... Ka5 $19)
0-1

[Event "Bad Woerishofen op"]
[Site "Bad Woerishofen"]
[Date "2001.??.??"]
[Round "3"]
[White "Mueller, Gunter"]
[Black "Federer, Hans-Joachim"]
[Result "1/2-1/2"]
[WhiteElo "1781"]
[BlackElo "2025"]
[Annotator "ChessOrg"]
[PlyCount "105"]
[EventDate "1998.03.05"]
[Source "ChessBase"]
[SourceDate "1998.04.29"]

1. d4 {E87: Koenigsindisch (Saemisch-Angriff)} 1... Nf6 2. f3 g6 3. e4 d6 4. c4
Bg7 5. Nc3 O-O 6. Be3 e5 7. d5 Nbd7 8. Bd3 8... Ne8 {letzter Buchzug} 9. g4 Nc5
10. h4 Nxd3+ (10... f5 11. Bxc5 dxc5 12. exf5 gxf5 13. Bxf5 Bxf5 14. gxf5 $11)
11. Qxd3 f5 12. gxf5 gxf5 13. Bg5 Qd7 14. O-O-O f4 15. h5 h6 16. Bh4 Qf7 17.
Nge2 Nf6 18. Rdg1 Kh8 19. Bxf6 Bxf6 20. Rg6 Bg5 21. Ng1 Rg8 22. Rxg8+ Kxg8 23.
Qf1 Kh7 24. Qf2 b6 25. Nh3 Bf6 26. Qg2 Bd7 27. Nf2 Rg8 28. Ng4 Bd8 29. Nd1 Rg5
30. Ndf2 (30. Nc3 30... a6 $17) 30... Be8 31. Nh3 Rg7 32. Qf2 Qd7 33. Qg2 (33.
Qc2 $17 $142) 33... Qf7 (33... Qa4 34. b3 Qa3+ 35. Qb2 Qxb2+ 36. Kxb2 Bxh5 37.
Nhf2 $17) 34. Nhf2 (34. Qf2 $5 $11) 34... Bg5 (34... c6 35. Qh3 $17) 35. Kd1
Qd7 36. b3 b5 37. Qf1 (37. c5 c6 38. dxc6 38... Qxc6 $11) 37... a6 (37... c5
38. dxc6 Qxc6 39. cxb5 $15) 38. Qd3 (38. c5 38... Qe7 $11) 38... bxc4 39. Qxc4
Qc8 40. Nd3 Bb5 41. Qc2 Bd7 42. Ndf2 Qb7 43. Kc1 (43. Nh3 43... Bd8 $11) 43...
Qb6 44. Qc3 a5 45. a4 Rg8 46. Kc2 Rc8 47. Kb2 (47. Qc4 c6 48. Kb2 48... Be8 $17
) 47... c6 (47... Bxa4 $5 $142 48. Ra1 Be8 49. Rxa5 49... Bxh5 $19) 48. Qc4 $17
48... c5 49. Ka2 Rb8 50. Nd3 Bc8 51. Ngf2 Ba6 52. Qc3 Qc7 (52... c4 53. bxc4
Qe3 54. Qc2 $17) 53. Rd1 $2 (53. Nb2 $15 $142) 1/2-1/2

[Event "Bad Woerishofen op"]
[Site "Bad Woerishofen"]
[Date "2001.??.??"]
[Round "5"]
[White "Mueller, Gunter"]
[Black "Tsikerdanos, Kostas"]
[Result "0-1"]
[WhiteElo "1781"]
[BlackElo "2000"]
[Annotator "ChessOrg"]
[PlyCount "46"]
[EventDate "1998.03.05"]
[Source "ChessBase"]
[SourceDate "1998.04.29"]

1. d4 {D00: Damenbauernspiele} 1... Nf6 2. f3 d5 3. e4 dxe4 4. Nc3 Bf5 5. g4
Bg6 6. g5 Nd5 7. Nxe4 e6 8. c4 {letzter Buchzug} 8... Bxe4 (8... Nb6 $5 $11) 9.
fxe4 $14 9... Bb4+ 10. Kf2 Nb6 11. c5 (11. Be3 $5 $142 11... e5 12. dxe5 $14)
11... Bxc5 $15 12. Be3 Be7 13. h4 O-O 14. Nf3 f5 (14... Nc6 $5 $15) 15. Qb3 $11
15... Qd7 16. Bh3 (16. exf5 Rxf5 17. Bd3 17... Rf8 $11) 16... Kh8 $15 17. exf5
(17. Ne5 Qa4 18. Qxe6 Qc2+ 19. Kg1 19... Qe2 $14 (19... Qxe4 $143 20. Re1 $18))
17... exf5 $17 18. Qd3 (18. g6 hxg6 19. Ne5 19... Qe8 $14) 18... Nc6 19. Rad1
Qd5 20. Bf4 Nb4 21. Qe3 (21. Qb1 Bd6 22. Bxd6 22... cxd6 $17) 21... Qe4 22. Nd2
(22. Qd2 Nc4 23. Qc1 Nxb2 24. Qxb2 24... Qxf4 $19) 22... Nd3+ (22... Qxe3+ 23.
Kxe3 (23. Bxe3 $4 23... f4 (23... Nxa2 $6 24. Kg2 $19) 24. Bxf4 Rxf4+ 25. Nf3
25... Nxa2 $19) 23... N6d5+ 24. Kf3 Nxf4 25. Kxf4 Nd3+ 26. Kf3 $19) 23. Kg3 $2
(23. Kg1 Qxf4 24. Qxd3 Qxh4 25. Nf3 Qg3+ 26. Bg2 $19) 23... Qxe3+ (23... Qxe3+
24. Bxe3 f4+ 25. Bxf4 25... Rxf4 $19) (23... Qxf4+ 24. Qxf4 Nxf4 25. Kxf4 $19)
0-1

[Event "Bad Woerishofen op"]
[Site "Bad Woerishofen"]
[Date "2001.??.??"]
[Round "8"]
[White "Mueller, Gunter"]
[Black "Kayser, Wilhelm"]
[Result "1-0"]
[WhiteElo "1781"]
[BlackElo "1469"]
[Annotator "ChessOrg"]
[PlyCount "95"]
[EventDate "1998.03.05"]
[Source "ChessBase"]
[SourceDate "1998.04.29"]

1. d4 {D00: Damenbauernspiele} 1... d5 2. e4 dxe4 3. Nc3 Bf5 4. f3 4... exf3 {
letzter Buchzug} 5. Qxf3 Bc8 (5... Bxc2 6. Qxb7 Nd7 7. Nb5 $16) 6. Bc4 e6 7.
Nge2 Nf6 8. Bg5 Be7 9. O-O-O c6 10. Rhf1 O-O (10... Nbd7 11. Ng3 $17) 11. Bd3
Nbd7 12. Qh3 g6 13. Bh6 Re8 14. Qf3 e5 15. Ne4 exd4 16. N2g3 (16. Nxd4 16...
Kh8 $15) 16... Ne5 (16... Kh8 $142 17. Ng5 17... Ne5 $17) 17. Nxf6+ $14 17...
Bxf6 18. Qxf6 Qxf6 19. Rxf6 Ng4 20. Bg5 Nxf6 21. Bxf6 c5 22. Bb5 Re6 23. Rf1 b6
24. Bc4 Rd6 (24... Re8 $5 $11) 25. Be5 (25. Ne4 Re6 26. Re1 Bb7 27. Bxe6 27...
fxe6 $18) 25... Rd7 (25... Be6 $5 26. Bxd6 26... Bxc4 $16) 26. Ne4 $18 26...
Re7 27. Nf6+ Kg7 (27... Kh8 28. Ng4+ Rxe5 29. Nxe5 $18) 28. Bd6 (28. Ng4+ $1
$142 28... Kf8 29. Bd6 Ke8 30. Bb5+ 30... Kd8 $18) 28... Be6 29. Bxe7 Bxc4 30.
Re1 d3 (30... h6 31. a4 $18) 31. b3 Ba6 32. c4 b5 33. Nd5 Rc8 (33... Bb7 34.
Bf6+ 34... Kh6 $18) 34. Bf6+ Kf8 35. Ne3 (35. Re7 $142 35... bxc4 36. Rxa7 $18)
35... Rc6 36. Bb2 bxc4 37. bxc4 Re6 38. Kd2 Bb7 39. Ba3 Re5 40. Nd5 $1 40...
Rxe1 (40... Rxd5 41. cxd5) 41. Kxe1 f5 42. Bxc5+ Kf7 43. Bxa7 Ke6 44. Kd2 g5
45. Kxd3 f4 (45... Bxd5 46. cxd5+ Kxd5 47. a4 $18) 46. Ke4 h6 47. Bd4 (47. Bc5
47... Bc6 $18) 47... Ba6 (47... Kd6 $18) 48. Nc7+ (48. Nc7+ Kd6 49. Nxa6 $18)
1-0

[Event "Bad Woerishofen op"]
[Site "Bad Woerishofen"]
[Date "2001.??.??"]
[Round "2"]
[White "Mueller, Wolfgang"]
[Black "Schweitzer, Paul"]
[Result "1-0"]
[WhiteElo "1900"]
[BlackElo "1571"]
[Annotator "ChessOrg"]
[PlyCount "43"]
[EventDate "1998.03.05"]
[Source "ChessBase"]
[SourceDate "1998.04.29"]

1. e4 {B07: Pirc-Ufimzew-Verteidigung} 1... d6 2. d4 c6 3. c4 3... h5 {
letzter Buchzug} 4. Nc3 Nd7 5. Nf3 Ngf6 6. e5 dxe5 7. dxe5 Ng4 8. e6 fxe6 9.
Qc2 Nge5 10. Nxe5 Nxe5 11. f4 Nf7 12. Bd3 Qd4 13. Bd2 Bd7 (13... e5 14. Ne2 Qc5
15. b4 $11) 14. O-O-O (14. Ne2 14... Qf6 $14) 14... O-O-O (14... e5 $5 $11) 15.
Rhe1 $14 15... h4 (15... Qb6 $5 $14) 16. Be3 $18 16... Qf6 17. Ne4 Qh6 18. f5
$1 18... Qh5 (18... exf5 19. Bxh6) 19. Bxa7 (19. Be2 $142 19... Qxf5 20. Rf1
$18 (20. Bxa7 $6 20... Qa5 21. Bc5 21... Qxa2 $11)) 19... exf5 $11 20. Nc5
20... g6 $4 (20... e6 $11 $142) 21. Bb6 (21. Qb3 Nd6 22. Bb6 22... Kb8 $18)
21... e5 $4 (21... e6 22. Qa4 Qg5+ 23. Kb1 Qf4 24. Nxe6 Bxe6 25. Rxe6 Bd6 26.
Bxd8 Rxd8 27. Rxg6 27... Kb8 $18) 22. Qa4 (22. Qa4 Bh6+ 23. Kb1 Qxd1+ 24. Rxd1
Kb8 25. Qa7+ Kc8 26. Qxb7#) (22. Bxd8 $6 22... Bxc5 23. Bf6 Qh6+ 24. Kb1 24...
Re8 $16) 1-0

[Event "Bad Woerishofen op"]
[Site "Bad Woerishofen"]
[Date "2001.??.??"]
[Round "5"]
[White "Mueller, Wolfgang"]
[Black "Rothenhagen, Siegfried"]
[Result "0-1"]
[WhiteElo "1900"]
[BlackElo "1715"]
[Annotator "ChessOrg"]
[PlyCount "102"]
[EventDate "1998.03.05"]
[Source "ChessBase"]
[SourceDate "1998.04.29"]

1. e4 {B54: Sizilianisch (Rauser Anti-Drachen-Variante)} 1... c5 2. Nf3 d6 3.
d4 cxd4 4. Nxd4 Nf6 5. Bd3 5... g6 {letzter Buchzug} 6. O-O Bg7 7. h3 O-O 8.
Be3 Bd7 9. Nd2 Nc6 10. c3 Rc8 11. f4 Bh6 12. g4 Bg7 13. N2f3 a6 14. Qd2 Na5 15.
b3 Qc7 16. Rac1 Nc6 17. Qf2 e5 18. Nxc6 Bxc6 (18... bxc6 $143 19. Bb6 Qb7 20.
fxe5 dxe5 21. Nxe5 Nxe4 22. Bxe4 Bxe5 23. Bc5 $16) 19. f5 $4 (19. fxe5 $142
19... dxe5 20. Bb6 $14) 19... Bxe4 $19 (19... Nxe4 $6 20. Bxe4 Bxe4 21. f6 $15)
20. Bxe4 (20. Ne1 gxf5 21. g5 21... Nd5 $19) 20... Nxe4 21. Qh4 f6 (21... Qa5
22. Ng5 Nxg5 23. Bxg5 Rxc3 24. Rxc3 Qxc3 25. f6 $19) 22. fxg6 hxg6 23. c4 Qd7
24. Rcd1 b5 25. cxb5 (25. Nd2 $5 25... Nc3 26. Rde1 $19) 25... Qxb5 26. Qe1 (
26. Nd2 Nc3 27. Rde1 27... d5 $19) 26... Rc2 27. Bh6 $4 (27. Nd2 Nc3 28. Nc4
Nxd1 29. Qxd1 29... Rxa2 $19) 27... Qe2 (27... Re2 28. Qh4 Qb6+ 29. Kh1 g5 30.
Bxg5 fxg5 31. Nxg5 Rxf1+ 32. Rxf1 32... Nxg5 $19) 28. Qxe2 $17 28... Rxe2 29.
Bd2 d5 30. Rfe1 Rxe1+ (30... Nxd2 31. Nxd2 Rxe1+ 32. Rxe1 $19) 31. Nxe1 d4 32.
Nd3 Rc8 33. Bb4 Rc2 34. Re1 Ng5 35. Rc1 Rxc1+ 36. Nxc1 Nxh3+ 37. Kf1 Nf4 (37...
e4 38. Ne2 d3 39. Nc3 $19) 38. Ke1 (38. Bd2 38... Ne6 $19) 38... Nd5 39. Ba5
Bf8 40. Nd3 Ne3 (40... e4 $5 $142 41. Nf2 f5 42. gxf5 gxf5 43. Nh3 $19) 41. Nf2
Kf7 42. a4 Ke6 43. Ke2 Kd5 44. Kd3 (44. Bd2 $19) 44... f5 45. gxf5 gxf5 46. Bb6
(46. Kd2 46... e4 $19) 46... Bb4 (46... e4+ 47. Kd2 $19) 47. Nh3 f4 48. Ng5 (
48. Nxf4+ exf4 49. Bxd4 49... Nc2 $19) 48... Ng4 49. a5 (49. Ne4 49... f3 $19)
49... f3 $1 50. Bxd4 exd4 51. Nxf3 Ne5+ (51... Ne5+ 52. Nxe5 52... Kxe5 $19)
0-1